00340nam a2200133 a 45000010010000000030011000100080041000210350026000620820014000881000020001022450029001222600041001516500014001920000-8623ELIB.Books110520 1989  a(ELIB.Books)0000-8769 a251 bLon aLong, Thomas G. aThe Witness of Preaching bLouisville: Westminster Press c1989 aPreaching